A nagymihályiaknak is két gólt rúgott, és már harmadik a DAC

Bibliographic Details
Main Author: Ábel, Gábor (Author)
Format: Article
Language:Hungarian
PhysicalDescription:Fotografie
ISSN:1335-7050
Subjects:

MARC

LEADER 00000nab a2200000 4500
001 vtls011743441
003 SK-MaSNL
005 20260319070822.0
008 180226|20180226xo d||| || ||00 0|hun
015 |a SNBRB2018/02 
038 |a DSZK 
040 |a DSZK  |b slo  |c DSZK  |e rda 
041 |a hun 
043 |a e-xo--- 
044 |a xo  |c SK 
072 7 |a 796  |x Šport. Hry. Telesné cvičenia  |2 konspekt 
080 |a 796.332.093.42  |x (437.6)  |2 2011 
100 1 |a Ábel, Gábor  |4 aut  |9 985159 
245 1 0 |a A nagymihályiaknak is két gólt rúgott, és már harmadik a DAC  |c Ábel Gábor 
300 |b Fotografie 
336 |a text  |b txt  |2 rdacontent 
337 |a bez média  |b n  |2 rdamedia 
338 |a zväzok  |b nc  |2 rdacarrier 
610 2 7 |a FK DAC 1904 Dunajská Streda  |2 dszk  |9 117991 
610 2 7 |a MFK Zemplín Michalovce  |2 dszk  |9 1087097 
650 0 7 |a futbalové zápasy  |2 SNKPH  |9 71116 
650 0 7 |a Fortuna liga  |2 dszk  |9 1086431 
650 0 7 |a 21. kolo  |2 dszk  |9 872724 
650 0 7 |a sezóna 2017/2018  |2 dszk  |9 1086330 
651 7 |a Dunajská Streda (Slovensko)  |2 SNKPH  |9 17375 
651 7 |a Michalovce (Slovensko)  |2 SNKPH  |9 22487 
773 0 |t Új szó  |g Évf. 71, sz. 47 (2018.2.26), o. 19  |x 1335-7050 
852 |a DSZK  |b KIS3GCP 
958 |a HU 
958 |a SK 
999 |c 1787615  |d 1789545